000 00407nam a2200181Ia 4500
001 914
005 20260306140553.0
008 260306t2014||||xx |||||||||||||| ||spa||
041 _aESP
082 _a174
_bS735
100 _aSen, Amartya
_eAUT
245 0 _aSobre ética y economía
260 _c2014
300 _a152 páginas :
_c20 cm.
650 _aGEN
654 _aCHU
942 _cLIB
_dJUS
_fJUS
_2ddc
_n
999 _c914
_d914